| 000 | 00723nam a22002297a 4500 | ||
|---|---|---|---|
| 020 | _a8170296773 | ||
| 082 |
_a652.3 _bBAY _cL-38, P-143 |
||
| 100 |
_aBay, Colin _944448 |
||
| 245 |
_aTeach yourself word for windows 95 _cBay, Colin |
||
| 250 | _a1st ed. | ||
| 260 |
_adelhi _bBPB publishers _c1997 |
||
| 300 |
_axxii, 529 p. _bill. _c28 cm |
||
| 526 |
_a0 _b0 _c0 _d652_300000000000000_BAY |
||
| 526 |
_a0 _b0 _c0 _d652_300000000000000_BAY |
||
| 526 |
_a0 _b0 _c0 _d652_300000000000000_BAY |
||
| 526 |
_a0 _b0 _c0 _d652_300000000000000_BAY |
||
| 526 |
_a0 _b0 _c0 _d652_300000000000000_BAY |
||
| 526 |
_a0 _b0 _c0 _d652_300000000000000_BAY |
||
| 526 |
_a0 _b0 _c0 _d652_300000000000000_BAY |
||
| 650 |
_aMCE _9379 |
||
| 942 |
_2ddc _cBK |
||
| 999 |
_c548233 _d548233 |
||